Sources Of Hindu Dharma (Record no. 1390643)

MARC details
000 -LEADER
fixed length control field 00633nam a2200265Ia 4500
008 - FIXED-LENGTH DATA ELEMENTS--GENERAL INFORMATION
fixed length control field 160620s9999||||xx |||||||||||||| ||und||
040 ## - CATALOGING SOURCE
Transcribing agency English
082 ## - DEWEY DECIMAL CLASSIFICATION NUMBER
Classification number XIE/Altender
082 ## - DEWEY DECIMAL CLASSIFICATION NUMBER
Item number BORI-54628
100 ## - MAIN ENTRY--PERSONAL NAME
Personal name A. S. Altekar
245 ## - TITLE STATEMENT
Title Sources Of Hindu Dharma
300 ## - PHYSICAL DESCRIPTION
Extent Vii+71
300 ## - PHYSICAL DESCRIPTION
Dimensions A
300 ## - PHYSICAL DESCRIPTION
Accompanying material Paperback
530 ## - ADDITIONAL PHYSICAL FORM AVAILABLE NOTE
Availability source R.P.patwardhan
530 ## - ADDITIONAL PHYSICAL FORM AVAILABLE NOTE
Uniform Resource Identifier <a href="00054628.pdf">00054628.pdf</a>
563 ## - BINDING INFORMATION
Binding note Study
600 ## - SUBJECT ADDED ENTRY--PERSONAL NAME
Personal name A. S. Altekar
630 ## - SUBJECT ADDED ENTRY--UNIFORM TITLE
Uniform title Sources Of Hindu Dharma
650 ## - SUBJECT ADDED ENTRY--TOPICAL TERM
Topical term or geographic name as entry element General Indology
650 ## - SUBJECT ADDED ENTRY--TOPICAL TERM
Topical term or geographic name as entry element Religion
700 ## - ADDED ENTRY--PERSONAL NAME
Personal name A. S. Altekar
730 ## - ADDED ENTRY--UNIFORM TITLE
Uniform title Sources Of Hindu Dharma
942 ## - ADDED ENTRY ELEMENTS (KOHA)
Koha item type Book

No items available.